000 00626nam a2200193Ia 4500
005 20250508155636.0
008 008 250505s9999 xx 000 0 eng d
037 _aDissertations
040 _aFEDL
_beng
_cFEDL
041 _aeng
_2eng
084 _a371.200 954, BED/DI
_qFEDL
100 _aBedi Brij Bhushan Singh
_9767144
245 0 _aStudy of development of educational administration in India, at the central level from 1813 to 1947
260 _c1968
300 _a273p.
546 _aM.Ed. Dissertation (Delhi University)
942 _cDIS
_h371.200 954, BED/DI
999 _c1358455
_d1358455